Britská politická mapa 2015
Parlamentné voľby sa v Spojenom kráľovstve uskutočnili vo štvrtok 7. mája 2015. Britskí voliči mali možnosť rozhodovať o budúcom zložení parlamentu, ale aj vlády. Otázkou bolo, či sa Spojené kráľovstvo vráti k modelu jednofarebnej (väčšinovej) vlády, zachová koaličný model z rokov 2010 – 2015, príp...
Salvato in:
| Autore principale: | |
|---|---|
| Natura: | Capitolo di libro |
| Lingua: | slovacco |
| Soggetti: | |
| Tags: |
Nessun Tag, puoi essere il primo ad aggiungerne!!
|
MARC
| LEADER | 00000nla a2200000 4500 | ||
|---|---|---|---|
| 001 | 0208574 | ||
| 005 | 20240502073450.9 | ||
| 041 | 0 | |a slo | |
| 044 | |a SK | ||
| 245 | 1 | 0 | |a Britská politická mapa 2015 |c Rudolf Kucharčík |
| 520 | |a Parlamentné voľby sa v Spojenom kráľovstve uskutočnili vo štvrtok 7. mája 2015. Britskí voliči mali možnosť rozhodovať o budúcom zložení parlamentu, ale aj vlády. Otázkou bolo, či sa Spojené kráľovstvo vráti k modelu jednofarebnej (väčšinovej) vlády, zachová koaličný model z rokov 2010 – 2015, príp. sa nová vláda bude musieť spoliehať na disciplinovanosť menšiny v parlamente a následné ad hoc koalície. Žiaden z volebných prieskumov nepredpokladal vznik väčšinovej jednofarebnej vlády a dokonca, žiadna zo strán nemala byť schopná získať viac ako 300 kresiel. Úspech Konzervatívnej strany, ktorá vyhrala v 330 obvodoch bol preto prekvapením. Nová vláda Davida Camerona bude musieť riešiť problémy ekonomického a sociálneho charakteru, odkomunikovať budúcnosť Spojeného kráľovstva v Európskej únii ale aj budúcnosť Škótska v Spojenom kráľovstve. | ||
| 610 | 2 | 0 | |a Veľká Británia |
| 610 | 2 | 0 | |a voľby |
| 610 | 2 | 0 | |a parlamenty |
| 610 | 2 | 0 | |a strany vládne |
| 100 | 1 | |a Kucharčík, Rudolf, 1977- | |